[Event "18th Prague Open-A 2019"]
[Site "Prague"]
[Date "2019.01.14"]
[Round "5"]
[White "Abdulla, Murad"]
[Black "Plischki, Sebastian"]
[Result "1/2-1/2"]
[WhiteElo "2263"]
[BlackElo "2426"]
[Annotator "TA"]
[PlyCount "62"]
[EventDate "2019.01.11"]
[EventType "swiss"]
[EventCountry "CZE"]
[SourceTitle "playchess.com"]
[Source "ChessBase"]
[SourceQuality "1"]

{[%evp 25,62,20,21,24,22,32,27,15,14,0,27,25,16,0,77,75,81,0,0,0,0,0,0,0,0,0,0,0,0,-4,-5,-3,-5,-10,-6,-7,0,-13,-3]} 1. e4 c5 2. Nf3 d6 3. d4 cxd4 4. Nxd4 Nf6 5. Nc3 a6 6. Be3 e5 7. Nf3 Be7 8. Bc4 Be6 9. Bxe6 {B90: Sicilian Najdorf: Unusual White 6th moves, 6 Be3 Ng4 and 6 Be3 e5} fxe6 10. Ng5 Qd7 11. Qf3 d5 12. O-O-O d4 13. Bxd4 exd4 {LiveBook: 4 Games} 14. e5 Nc6 15. exf6 Bxf6 16. Nce4 {[%cal Bc3e4,Be4g5,Bg5e6][%mdl 32] [#]} O-O-O $146 ({Predecessor:} 16... Bxg5+ 17. Nxg5 {½-½ (29) Hellers,F (2525)-De Firmian,N (2565) Reykjavik 1990}) 17. Qh3 Bxg5+ 18. Nxg5 Rhe8 $1 19. Rde1 {[%cal Rg5e6]} ({But not} 19. Qxh7 Qd5 $15) 19... Qd5 (19... Nb4 $11 {keeps the balance.}) 20. Nxe6 $16 {[%mdl 64] [#] Double Attack} Rd7 {And now ...d3 would win.} 21. Kb1 (21. Nf4 $16 Rxe1+ 22. Rxe1 Qxa2 23. Re8+ Kc7 24. Qf5) 21... Nb4 $11 {The position is equal.} 22. c4 dxc3 ({Don't blunder} 22... Qxc4 $2 23. Rc1 $18) 23. Qxc3+ {[%mdl 64] Double Attack} Kb8 24. Qxb4 {[#] Threatens to win with Nc5.} Rxe6 25. Qf4+ Ka7 26. Rxe6 Qxe6 27. Qe3+ (27. g3 {keeps more tension.} g5 28. Qe3+ Qxe3 29. fxe3 Rd2 30. e4) 27... Qxe3 28. fxe3 {KR-KR} Rd2 29. Rg1 Re2 30. Kc1 Rxe3 31. Kb1 Re8 {Accuracy: White = 51%, Black = 69%.} 1/2-1/2

[Event "18th Prague Open-A 2019"]
[Site "Prague"]
[Date "2019.01.14"]
[Round "5"]
[White "Mis, Mieszko"]
[Black "Lalic, Bogdan"]
[Result "1/2-1/2"]
[WhiteElo "2242"]
[BlackElo "2418"]
[Annotator "TA"]
[PlyCount "32"]
[EventDate "2019.01.11"]
[EventType "swiss"]
[EventCountry "CZE"]
[SourceTitle "playchess.com"]
[Source "ChessBase"]
[SourceQuality "1"]

{[%evp 26,32,42,44,41,15,28,20,37]} 1. d4 d5 2. c4 dxc4 3. Nf3 Nf6 4. e3 e6 5. Bxc4 a6 6. Bb3 c5 7. O-O Nc6 8. Qe2 cxd4 9. Rd1 d3 10. Rxd3 Qc7 11. Nc3 Bc5 {D27: Queen's Gambit Accepted: Classical main line: 7 e4!? and 7 a4} 12. h3 O-O 13. e4 Nd7 14. Be3 {LiveBook: 12 Games} b6 {[#]} 15. Rc1 $146 ({Predecessor:} 15. Na4 Bxe3 16. Qxe3 {½-½ (33) Williams,S (2520)-Istratescu,A (2623) Mulhouse 2011}) 15... Bxe3 16. Qxe3 Nc5 1/2-1/2

[Event "18th Prague Open-A 2019"]
[Site "Prague"]
[Date "2019.01.14"]
[Round "5"]
[White "Burnett, Andrew"]
[Black "Spiess, Gunter"]
[Result "0-1"]
[WhiteElo "2140"]
[BlackElo "2414"]
[Annotator "TA"]
[PlyCount "66"]
[EventDate "2019.01.11"]
[EventType "swiss"]
[EventCountry "CZE"]
[SourceTitle "playchess.com"]
[Source "ChessBase"]
[SourceQuality "1"]

{[%evp 17,66,-9,0,0,0,0,0,-18,-3,-16,0,-83,-79,-81,-106,-134,-134,-119,-122,-112,-97,-152,-163,-151,-139,-155,-202,-562,-564,-500,-457,-471,-314,-759,-759,-758,-758,-759,-735,-729,-625,-602,-605,-600,-600,-798,-557,-581,-533,-514,-455]} 1. Nf3 d5 2. c4 e6 3. e3 Nf6 4. b3 c5 5. Bb2 Nc6 6. cxd5 exd5 7. d4 cxd4 {A13: English Opening: 1...e6} 8. Nxd4 Bb4+ 9. Bc3 Bd6 {LiveBook: 3 Games. The position is equal.} (9... Qb6 10. Bb5 O-O 11. Nxc6 Bxc3+ 12. Nxc3 bxc6 13. Be2 c5 14. O-O Be6 15. Na4 {½-½ (81) Sambuev,B (2522)-Wei,Y (2753) Tbilisi 2017}) 10. Bb5 Bd7 11. Nd2 $146 ({Predecessor:} 11. O-O O-O 12. Nf3 Bg4 13. Be2 Qe7 14. Nbd2 Rad8 15. Qc2 Bb8 16. Rfe1 Rfe8 17. Qb2 Ne4 18. Bxg7 Nxd2 19. Nxd2 Bxe2 20. Rxe2 d4 21. Nf3 Kxg7 {0-1 (21) Papadimitropoulos,T (1658)-Georgiadis,I (2312) Litohoro 2006}) 11... O-O 12. Be2 Rc8 13. Nxc6 Rxc6 14. Bd4 (14. Bb2 $11 {keeps the balance.}) 14... Ne4 $1 $17 15. Nxe4 dxe4 16. a3 Qg5 17. Kf1 Rfc8 18. h4 Qe7 19. Bb5 ({Better is} 19. g3) 19... R6c7 $1 20. Bxd7 Qxd7 21. g3 Qf5 22. Kg2 $2 (22. g4 {is tougher.} Qe6 23. b4) 22... Rc2 $19 23. Rf1 Bb8 24. b4 b6 {White must now prevent ...Qg6.} 25. Rb1 $2 {[#]} (25. Bc5 Qf3+ 26. Qxf3 exf3+ 27. Kxf3 bxc5 28. Rfd1) 25... Qg6 $1 {[%cal Rg6g3] ( -> ...Qxg3+). Black is clearly winning.} 26. Kh1 {[#]} Bxg3 $1 {[%mdl 512] Strongly threatening ...Qf5.} 27. Rg1 (27. fxg3 Qxg3) 27... Rxf2 {[%csl Gg3][%cal Rf2h2]} 28. Rb2 Qf5 {[%cal Rf5h3]} 29. Rxg3 Rf1+ 30. Qxf1 Qxf1+ 31. Kh2 g6 32. Rgg2 Qe1 33. Rbf2 {[#]} f5 $1 {Precision: White = 38%, Black = 76%.} 0-1

[Event "18th Prague Open-A 2019"]
[Site "Prague"]
[Date "2019.01.14"]
[Round "5"]
[White "Michalczak, Thomas"]
[Black "Cerveny, Petr"]
[Result "0-1"]
[WhiteElo "2139"]
[BlackElo "2318"]
[Annotator "TA"]
[PlyCount "82"]
[EventDate "2019.01.11"]
[EventType "swiss"]
[EventCountry "CZE"]
[SourceTitle "playchess.com"]
[Source "ChessBase"]
[SourceQuality "1"]

{[%evp 23,82,22,29,-19,-21,-31,0,0,0,-4,9,-53,-31,-26,0,0,0,0,0,-12,0,0,0,-41,-16,-46,-30,-112,-93,-105,-105,-92,-104,-87,-93,-191,-181,-224,-225,-224,-218,-214,-214,-225,-181,-307,-204,-730,-454,-559,-553,-549,-544,-602,-591,-1053,-1052,-1182,-1305,-2039,-1970]} 1. e4 c5 2. Nf3 d6 3. d4 cxd4 4. Nxd4 Nf6 5. Nc3 a6 6. f3 e5 7. Nb3 Be6 8. Be3 h5 9. Qd2 Nbd7 10. Nd5 {B90: Sicilian Najdorf: Unusual White 6th moves, 6 Be3 Ng4 and 6 Be3 e5} Bxd5 11. exd5 g6 12. c4 (12. Be2 Bg7 13. O-O-O O-O 14. g4 a5 15. a4 Nb6 16. gxh5 Nxh5 17. Bb5 Nf6 {0-1 (71) Leko,P (2690)-Vachier Lagrave,M (2780) Batumi 2018}) 12... a5 {[%cal Ba6a5,Ba5a4][%mdl 32] LiveBook: 3 Games} 13. Be2 a4 14. Nc1 Qa5 15. Qxa5 Rxa5 16. Nd3 Bh6 {[#]} 17. f4 $146 ({Better is} 17. Bxh6 $11 Rxh6 18. O-O) ({Predecessor:} 17. Bxh6 Rxh6 {½-½ (33) Zilka,S (2521)-Bilobrk,F (2360) Biograd na Moru 2018}) 17... O-O 18. Bd2 Raa8 (18... Ra6 {is more complex.} 19. fxe5 Bxd2+ 20. Kxd2 dxe5 21. Nf2 Nc5) 19. fxe5 Bxd2+ 20. Kxd2 dxe5 21. b4 axb3 22. axb3 Ne4+ 23. Ke3 f5 24. b4 Rfc8 25. c5 (25. Nf2 $11 {keeps the balance.} Nef6 26. Kd2) 25... Nef6 26. d6 Nd5+ 27. Kd2 e4 28. Rxa8 Rxa8 29. Nc1 (29. Rb1 $17) 29... Nxb4 $19 30. Bc4+ Kg7 31. Nb3 Kf6 32. Kc3 Nc6 33. Rb1 Rc8 34. Bd5 (34. Bb5 $142) 34... Ke5 35. Kc4 $2 (35. Bc4) 35... Na5+ {[%mdl 64] [#] Deflection, Decoy. Black is clearly winning.} 36. Nxa5 Rxc5+ {[%mdl 64] Double Attack} 37. Kb4 Rxd5 38. Nxb7 e3 39. g3 g5 40. Re1 Ke4 41. Kc4 f4 {Accuracy: White = 25%, Black = 51%.} 0-1

[Event "18th Prague Open-A 2019"]
[Site "Prague"]
[Date "2019.01.14"]
[Round "5"]
[White "Ludvik, Tomas"]
[Black "Pushkov, Nikolai"]
[Result "1-0"]
[WhiteElo "2089"]
[BlackElo "2309"]
[Annotator "TA"]
[PlyCount "109"]
[EventDate "2019.01.11"]
[EventType "swiss"]
[EventCountry "CZE"]
[SourceTitle "playchess.com"]
[Source "ChessBase"]
[SourceQuality "1"]

{[%evp 20,109,10,13,51,32,38,34,57,31,46,18,20,19,16,0,4,0,0,0,8,-25,0,0,0,0,0,0,0,-11,0,0,17,15,56,45,52,56,127,122,115,68,116,125,276,263,287,278,256,254,441,416,408,331,396,402,734,736,733,441,728,729,726,724,714,712,705,697,675,675,589,347,343,339,332,331,702,653,1043,1014,1014,818,5069,5069,2310,2147,8845,7046,29970,11175,29974,29966]} 1. d4 d5 2. c4 e6 3. Nc3 Nf6 4. Bg5 Nbd7 5. e3 c6 6. Nf3 {[%cal Bg1f3,Bf3d2,Bd2b3][%mdl 32]} Qa5 7. Nd2 Bb4 8. Qc2 O-O 9. Be2 e5 10. O-O exd4 11. Nb3 {LiveBook: 83 Games} Qd8 {D52: Queen's Gambit Declined: Cambridge Springs Variation} (11... Qc7 12. Nxd4 dxc4 13. Bxc4 Bd6 14. h3 Be5 {½-½ (14) Moradiabadi,E (2538)-Vitiugov,N (2734) Helsingor 2018}) 12. Nxd4 dxc4 $146 ({Predecessor:} 12... Bxc3 13. bxc3 dxc4 14. Bxc4 Ne5 15. Be2 h6 16. Bh4 Ng6 17. Bg3 Qe7 18. Rfd1 Ne4 19. c4 {½-½ (75) Kozlov,V (2407)-Weber,K (2309) ICCF email 2013}) 13. Bxc4 Ne5 {White is slightly better.} 14. Be2 h6 15. Bh4 (15. Bxf6 $5 Qxf6 16. Ne4 $14) 15... Ng6 16. Bg3 Qe7 17. Bc4 {Hoping for Qxg6.} Ne5 18. Bb3 Bxc3 19. bxc3 Nh5 20. Rae1 c5 21. Nf5 Bxf5 22. Qxf5 {[%mdl 64] [#] Double Attack} Nxg3 23. hxg3 Rad8 24. Rd1 b6 25. f4 Nc6 26. e4 {[%cal Be3e4,Be4e5][%mdl 32]} Qc7 27. e5 Ne7 28. Qe4 Rxd1 (28... Qc6 $14 29. Qxc6 Nxc6) 29. Rxd1 $16 Rd8 30. Rxd8+ Qxd8 31. f5 {Threatens to win with f6.} c4 $2 (31... Kf8 $16) 32. Qxc4 $18 Qe8 33. e6 {[%cal Re6f7]} f6 {[#]} 34. Qc7 $1 Kf8 $2 (34... b5 35. Bc2 a6) 35. Qxa7 b5 36. g4 h5 37. gxh5 Qxh5 (37... Nxf5 $142 38. Kf1 Ne7) 38. Qb8+ Qe8 39. Qd6 Qc6 (39... Kg8 $142 40. Bc2 Kh8) 40. Qxc6 Nxc6 {[%mdl 4096] Endgame KB-KN} 41. Kf2 Ke7 42. Ke3 Kd6 43. Ke4 Ne7 44. g4 Kc5 45. g5 fxg5 46. Bd1 Kd6 47. Be2 Kc5 $2 (47... Nd5) 48. Bd3 b4 49. cxb4+ Kxb4 50. Ke5 Kc3 51. Be4 Ng8 52. Kd6 Nf6 53. Bc6 g4 54. Kc5 g3 55. e7 {Accuracy: White = 70%, Black = 27%.} 1-0

[Event "18th Prague Open-A 2019"]
[Site "Prague"]
[Date "2019.01.15"]
[Round "6"]
[White "Postny, Evgeny"]
[Black "Lin, Yi"]
[Result "1-0"]
[WhiteElo "2623"]
[BlackElo "2359"]
[Annotator "TA"]
[PlyCount "71"]
[EventDate "2019.01.11"]
[EventType "swiss"]
[EventCountry "CZE"]
[SourceTitle "playchess.com"]
[Source "ChessBase"]
[SourceQuality "1"]

{[%evp 20,71,47,37,96,29,41,41,70,75,82,82,88,90,117,123,114,113,116,105,113,113,111,108,135,157,250,253,354,367,352,363,365,339,353,343,356,350,381,378,386,382,365,350,367,373,483,484,492,434,559,557,550,547]} 1. d4 Nf6 2. c4 e6 3. Nf3 d5 4. Nc3 Be7 5. Bg5 O-O 6. e3 Nbd7 7. Rc1 b6 8. cxd5 exd5 9. Bd3 Bb7 10. O-O h6 11. Bf4 c5 {D55: Queen's Gambit Declined: 4 Bg5 Be7: Lines without ...h6 and 6...h6 7 Bxf6} (11... Nh5 $1 $14) 12. h3 ({White should play} 12. Nh4 $1 $16) (12. Ne5 Ne4 13. Bxe4 dxe4 14. Qa4 Nxe5 15. Bxe5 cxd4 16. Bxd4 {1-0 (34) Mandel,A (2395)-Schwab,M (2148) Germany 2018}) 12... a6 13. Bf5 Re8 $146 {White is slightly better.} ({Predecessor:} 13... Ne4 14. dxc5 Ndxc5 15. Nd4 Bd6 16. Nxe4 Nxe4 {1-0 (32) Jean,P (2167)-Horie,T (1823) ICCF email 2015}) 14. Ne5 Nf8 15. Qf3 $1 Bd6 {[#]} 16. Bxh6 $1 Bxe5 17. dxe5 gxh6 18. exf6 Qxf6 19. Nxd5 Bxd5 20. Qxd5 Rad8 21. Qf3 Qxb2 22. Rc4 {Rg4+ is the strong threat.} Qf6 {[#]} (22... Ng6 $16 {keeps fighting.}) 23. Rf4 $1 $18 Qe5 24. Qh5 Qf6 {[#]} 25. Bh7+ $1 {[%mdl 576] Discovered Attack} Nxh7 26. Rxf6 Nxf6 27. Qxh6 Rd6 28. Rc1 Ne4 29. Qf4 Rf6 30. Qg4+ Kf8 31. f3 Rg6 32. Qd7 Ng5 33. Kf2 {White is clearly winning.} Ne6 {intending ...Rd8.} 34. Rd1 c4 35. Qd6+ Kg8 {Black hopes to continue with ...Rd8.} 36. Qc6 {[%mdl 64] Double Attack. Accuracy: White = 87%, Black = 35%.} 1-0

[Event "18th Prague Open-A 2019"]
[Site "Prague"]
[Date "2019.01.15"]
[Round "6"]
[White "Wang, Yiye"]
[Black "Cerveny, Petr"]
[Result "1/2-1/2"]
[WhiteElo "2443"]
[BlackElo "2318"]
[Annotator "TA"]
[PlyCount "58"]
[EventDate "2019.01.11"]
[EventType "swiss"]
[EventCountry "CZE"]
[SourceTitle "playchess.com"]
[Source "ChessBase"]
[SourceQuality "1"]

{[%evp 26,58,0,0,0,-13,-4,-17,-22,0,-12,-12,-9,-17,0,0,0,0,0,0,24,0,0,0,0,0,0,0,0,0,4,4,6,0,11]} 1. Nf3 d6 2. d4 Nf6 3. g3 g6 4. Bg2 Bg7 5. O-O O-O 6. b3 c5 7. c4 Nc6 8. Bb2 cxd4 9. Nxd4 Bd7 10. Nc3 Qa5 11. e3 Rfc8 12. Rc1 {E60: King's Indian: Unusual lines and Fianchetto Variation without Nc3} Rab8 13. a3 a6 14. b4 {LiveBook: 3 Games} Qd8 {[#]} 15. Nd5 $146 ({Predecessor:} 15. Qb3) 15... Ne5 16. Nxf6+ Bxf6 17. c5 dxc5 18. bxc5 Qa5 19. f4 Nc6 20. Nb3 Qa4 21. Bxf6 exf6 22. Nd4 Nxd4 23. Qxd4 {Threatening Rc4.} Bc6 {The position is equal.} 24. Qxa4 Bxa4 25. Rc3 Bc6 26. Rb1 f5 27. Rb6 Bxg2 28. Kxg2 Rc6 29. Kf3 Rbc8 {Accuracy: White = 89%, Black = 90%.} 1/2-1/2

[Event "18th Prague Open-A 2019"]
[Site "Prague"]
[Date "2019.01.15"]
[Round "6"]
[White "Frolov, Artur"]
[Black "Zhang, Xiaopeng"]
[Result "1-0"]
[WhiteElo "2430"]
[BlackElo "2299"]
[Annotator "TA"]
[PlyCount "81"]
[EventDate "2019.01.11"]
[EventType "swiss"]
[EventCountry "CZE"]
[SourceTitle "playchess.com"]
[Source "ChessBase"]
[SourceQuality "1"]

{[%evp 14,81,8,0,20,0,0,0,0,0,0,0,12,0,19,26,33,15,23,23,56,75,63,61,92,93,100,99,90,97,118,114,160,133,160,162,163,121,120,125,125,129,126,127,133,108,137,137,154,137,187,137,146,137,203,186,260,257,246,237,554,554,882,853,868,852,815,802,1340,1337]} 1. e4 c5 2. Nf3 d6 3. Bb5+ Nd7 4. c4 Ngf6 5. Nc3 g6 6. O-O {B51: Sicilian: Moscow Variation (3 Bb5+) without 3...Bd7} Bg7 7. d3 (7. Ba4 O-O 8. h3 Nb6 9. Bb3 e5 10. d3 Ne8 11. Bg5 f6 12. Be3 f5 13. Bg5 Bf6 {0-1 (43) Safarli,E (2664)-Giri,A (2790) Shamkir 2016}) 7... O-O 8. Ba4 {LiveBook: 4 Games. The position is equal.} b6 $146 ({Predecessor:} 8... Nb6 9. Bb3 e5 10. Bg5 h6 11. Bd2 Nh5 12. Qc1 g5 13. Bd1 Nf4 {½-½ (43) Frolov,A (2410)-Shyam,S (2535) Zalakaros 2017}) 9. Bf4 Nh5 10. Be3 Ne5 11. Nxe5 dxe5 12. Qd2 Bd7 13. Bd1 Nf6 14. a3 a5 15. h3 Bc6 16. Ba4 Rc8 17. b4 axb4 18. axb4 cxb4 19. Nd5 Nxd5 20. cxd5 Bxa4 21. Rxa4 b5 22. Rxb4 Qa5 23. Rfb1 Rb8 24. Qb2 Rfc8 25. Rxb5 Rxb5 26. Qxb5 Qxb5 27. Rxb5 $18 {[%mdl 4096] Endgame KRB-KRB} f5 28. Bc5 Bf6 29. g4 fxe4 30. dxe4 Kf7 31. Kg2 h5 32. Kf3 hxg4+ 33. hxg4 {[%cal Bh3g4,Bg4g5][%mdl 32]} Rc7 (33... Bg5 $16 34. Kg2 Kf6) 34. Ke2 Rd7 (34... Bg5 $142 35. f3 Bh6) 35. Rb6 Rc7 36. Be3 Rc4 $2 {[#]} (36... g5 {is tougher.} 37. Kd3 Rc8) 37. g5 {White is clearly winning.} Bg7 38. Rb7 Kf8 39. Kd3 Rc8 40. Bd2 Ke8 {[#]} 41. d6 $1 {[%mdl 512] Accuracy: White = 79%, Black = 45%.} 1-0

[Event "18th Prague Open-A 2019"]
[Site "Prague"]
[Date "2019.01.15"]
[Round "6"]
[White "Plischki, Sebastian"]
[Black "Mis, Mieszko"]
[Result "1/2-1/2"]
[WhiteElo "2426"]
[BlackElo "2242"]
[Annotator "TA"]
[PlyCount "60"]
[EventDate "2019.01.11"]
[EventType "swiss"]
[EventCountry "CZE"]
[SourceTitle "playchess.com"]
[Source "ChessBase"]
[SourceQuality "1"]

{[%evp 26,60,71,70,86,89,89,86,125,85,127,88,148,152,151,179,179,160,176,171,166,157,171,158,153,143,112,50,56,51,43,44,50,18,17,0,25]} 1. d4 Nf6 2. Bg5 Ne4 3. Bf4 c5 4. f3 Qa5+ 5. c3 Nf6 6. d5 Qb6 7. Bc1 e6 8. e4 exd5 9. exd5 Be7 {A45: Trompowsky Attack} 10. c4 O-O 11. Bd3 d6 12. Nc3 Re8 13. Nge2 Nbd7 14. f4 {[%cal Bf3f4,Bf4f5][%mdl 32] LiveBook: 7 Games} Qc7 (14... Nf8 15. Qc2 Bg4 16. O-O Bxe2 17. Bxe2 {0-1 (55) Mchedlishvili,M (2600)-Melkumyan,H (2664) Batumi 2018}) 15. O-O a6 16. a4 Bf8 17. Qc2 Rb8 $146 18. h3 g6 (18... h6 $142) 19. f5 $16 Bg7 20. Bg5 (20. fxg6 $6 hxg6 21. Bg5 Nh7 $11) 20... Rf8 21. Ng3 ({Much less strong is} 21. fxg6 $6 hxg6 22. b3 Nh7 $14) 21... Ne5 22. Rf4 b5 23. axb5 axb5 {[#]} 24. fxg6 $1 ({Don't take} 24. cxb5 $6 c4 $11) 24... fxg6 25. Nxb5 Qb6 {[#]} 26. Bxf6 (26. Raf1 $1 $16 Nxd5 27. Rxf8+ Bxf8 28. Be4 (28. Qf2 Be6 $16)) 26... Rxf6 $14 27. Rxf6 Bxf6 28. Ne4 {[%mdl 64] Double Attack} Be7 29. Rf1 Bd7 {[%cal Rd7b5]} 30. Nec3 Qa5 {Accuracy: White = 67%, Black = 40%.} 1/2-1/2

[Event "18th Prague Open-A 2019"]
[Site "Prague"]
[Date "2019.01.15"]
[Round "6"]
[White "Lalic, Bogdan"]
[Black "Abdulla, Murad"]
[Result "1/2-1/2"]
[WhiteElo "2418"]
[BlackElo "2263"]
[Annotator "TA"]
[PlyCount "41"]
[EventDate "2019.01.11"]
[EventType "swiss"]
[EventCountry "CZE"]
[SourceTitle "playchess.com"]
[Source "ChessBase"]
[SourceQuality "1"]

{[%evp 23,41,47,64,33,62,56,81,70,68,30,106,14,43,20,19,0,0,0,0,0]} 1. c4 e5 2. Nc3 Nf6 3. g3 d5 4. cxd5 Nxd5 5. Bg2 Nb6 6. Nf3 Nc6 7. O-O Be7 8. Rb1 O-O 9. b4 Bf5 {A29: English Opening: Four Knights Variation with 4 g3} (9... e4 10. Nxe4 Bf5 11. Qc2 Bxb4 12. a3 Bd6 13. e3 h6 14. Nh4 Bh7 15. f4 Be7 16. f5 Ne5 17. Bb2 {1-0 (35) Nakamura,H (2816)-Sevian,S (2556) Las Vegas 2015}) 10. b5 Nd4 11. d3 Nxf3+ 12. Bxf3 Rb8 {LiveBook: 3 Games} 13. a4 Be6 $146 ({Predecessor:} 13... a5 14. bxa6 bxa6 15. Be3 Bh3 16. Re1 a5 17. Qc2 {1-0 (44) Bobadilla Viera,J (2329)-Zapata Charles,S (2351) Buenos Aires 2018}) 14. Qc2 Qd7 15. Bb2 f6 16. Rfd1 Rfc8 (16... c6 $11) 17. Ba1 (17. a5 $16 Nd5 18. Nxd5 Bxd5 19. d4) 17... c5 18. bxc6 (18. a5 $5 {[%cal Ra5b6]} Nd5 19. Nxd5 Bxd5 20. Bxd5+ Qxd5 21. Qc4 $11) 18... bxc6 {The position is equal.} 19. a5 Nd5 20. Qa4 Nb4 21. Ne4 {Accuracy: White = 44%, Black = 21%.} 1/2-1/2

[Event "18th Prague Open-A 2019"]
[Site "Prague"]
[Date "2019.01.15"]
[Round "6"]
[White "Spiess, Gunter"]
[Black "Kulhanek, Tomas"]
[Result "1/2-1/2"]
[WhiteElo "2414"]
[BlackElo "2303"]
[Annotator "TA"]
[PlyCount "74"]
[EventDate "2019.01.11"]
[EventType "swiss"]
[EventCountry "CZE"]
[SourceTitle "playchess.com"]
[Source "ChessBase"]
[SourceQuality "1"]

{[%evp 16,74,50,38,66,70,90,66,87,45,64,45,85,74,93,81,75,81,75,68,105,66,68,39,91,66,122,66,102,97,97,100,90,43,40,44,46,47,54,46,88,18,17,16,19,20,41,41,41,41,41,41,41,41,41,41,41,41,45,45,49]} 1. Nf3 g6 2. d4 Bg7 3. c4 d6 4. Nc3 e5 5. e4 Nc6 6. Bg5 f6 7. Be3 Nh6 8. h3 {A42: Modern Defence: Averbakh Variation} Nf7 9. Qd2 {LiveBook: 6 Games} (9. c5 dxc5 10. dxe5 Nfxe5 11. Nxe5 fxe5 12. Bb5 Bd7 13. Bxc6 Bxc6 14. Bxc5 Bf8 15. Bxf8 Rxf8 {½-½ (30) Giri,A (2784)-Carlsen,M (2862) Wijk aan Zee 2015}) 9... f5 10. exf5 gxf5 {[#] And now ...f4 would win.} 11. g3 $146 ({Predecessor:} 11. dxe5 dxe5 12. Qxd8+ Ncxd8 {0-1 (46) Matosec,T (2070)-Fahrner,K (2319) Graz 2011}) 11... O-O 12. Bg2 e4 13. Ng1 Ne7 14. Nge2 d5 15. cxd5 Nxd5 16. Nxd5 Qxd5 17. O-O Bd7 18. Rfc1 c6 19. Qb4 b6 ({Black should try} 19... Qd6 $14 20. Qc3 Rfc8) 20. a4 Rfc8 (20... Qd6 $14 21. Qc4 a5) 21. Bf1 (21. Nf4 $16 Qd6 22. Qb3) 21... c5 22. dxc5 bxc5 23. Rxc5 Rxc5 24. Qxc5 Qxc5 25. Bxc5 Bxb2 26. Rb1 Be5 27. a5 Rb8 28. Rxb8+ ({White should play} 28. Rd1 $16 Rb7 29. Nf4) 28... Bxb8 $11 29. Nd4 Ne5 30. f4 Nd3 31. Bxd3 $1 {White is slightly better.} exd3 $14 {[%mdl 4096] Endgame KBB-KBN} 32. Kf2 Bc7 33. Bb4 $1 Bd8 34. Ke3 Bf6 35. Kxd3 Bxd4 36. Kxd4 a6 37. Ke5 Kf7 {Accuracy: White = 60%, Black = 39%.} 1/2-1/2

[Event "18th Prague Open-A 2019"]
[Site "Prague"]
[Date "2019.01.15"]
[Round "6"]
[White "Roeder, Matthias"]
[Black "Mueller-Dehn, Christian"]
[Result "0-1"]
[WhiteElo "2396"]
[BlackElo "2167"]
[Annotator "TA"]
[PlyCount "124"]
[EventDate "2019.01.11"]
[EventType "swiss"]
[EventCountry "CZE"]
[SourceTitle "playchess.com"]
[Source "ChessBase"]
[SourceQuality "1"]

{[%evp 20,124,11,0,19,10,16,14,27,23,23,52,79,54,113,113,117,111,129,106,124,108,124,118,120,114,124,122,116,114,129,121,144,136,165,163,158,166,202,129,282,249,252,252,250,245,240,239,239,217,222,174,300,203,347,342,509,502,527,516,614,598,605,604,584,579,763,759,759,751,748,715,733,720,647,214,230,45,225,16,176,8,8,8,8,8,8,8,12,0,5,0,0,0,0,0,0,0,0,0,0,0,8,0,0,0,0]} 1. Nf3 d5 2. g3 c6 3. Bg2 Bf5 4. O-O e6 5. b3 Nf6 6. d3 h6 7. Bb2 Be7 8. Nbd2 O-O 9. Ne5 a5 {A07: Réti Opening: New York and Capablanca Systems} 10. e4 Bh7 11. a3 {LiveBook: 13 Games} dxe4 $146 ({Predecessor:} 11... Nbd7 12. Nxd7 Nxd7 13. Qe2 Bf6 14. d4 Qb6 15. e5 Be7 16. c4 dxc4 17. Qxc4 {½-½ (42) Vajda,L (2596)-Balogh,C (2621) Slovakia 2016}) 12. dxe4 Nbd7 13. Nd3 Qc7 14. Qe2 a4 15. b4 Rfe8 16. c4 Rad8 (16... c5 $14) 17. f4 $16 Nf8 18. Rad1 N6d7 19. Nf3 Nb6 20. Nf2 Rxd1 21. Rxd1 c5 22. Be5 Qc8 23. b5 Rd8 24. Bc3 Rxd1+ 25. Nxd1 ({Much worse is} 25. Qxd1 $6 Nxc4 26. Qxa4 Ne3 $11) 25... Nfd7 26. Nb2 Bf6 27. e5 Be7 28. Nd2 f6 29. Bh3 {Black must now prevent exf6.} Bf5 $2 (29... Nf8 $16 30. Ne4 fxe5) 30. g4 Bh7 31. exf6 Bxf6 32. Qxe6+ Kh8 33. Bxf6 gxf6 34. Kf2 Qd8 35. Qd6 Qe8 (35... Nc8 $142 36. Qd5 Qc7) 36. Nd1 Bg8 (36... Qd8 $142 37. Nc3 Kg7) 37. Ne3 $18 Be6 (37... Qd8 $142 38. g5 hxg5 39. fxg5 fxg5 40. Qh6+ Bh7) 38. Bg2 Qg8 39. h3 h5 40. Bxb7 hxg4 41. hxg4 Bxg4 42. f5 Qg5 43. Qh2+ Kg7 44. Ne4 Qh5 45. Qg3 Ne5 46. Nxc5 Kf7 47. Bg2 $2 (47. Be4) 47... Bxf5 {[#]} 48. Kg1 $2 (48. Nb7 $1 $18 {[%cal Rb7d6]} Bd7 49. Bf1) 48... Bg6 $2 ({Black should play} 48... Nexc4 $14 49. Qc7+ Ke8) 49. Ne4 $2 ({White must play} 49. Nb7 $18) 49... Nbd7 $2 (49... Nbxc4 $11 50. Nxc4 Qd1+ 51. Kh2 Qh5+ 52. Bh3 Qe2+ {[%mdl 64] Double Attack} 53. Qg2 Qxg2+ 54. Bxg2 Nxc4) 50. c5 $2 ({Better is} 50. Nd6+ $18 Kf8 51. b6) 50... Bxe4 $1 $11 {The position is equal.} 51. Bxe4 Nxc5 52. Bd5+ Ke7 53. Qg7+ Nf7 54. Bxf7 {[%mdl 64] [#] Overworked Piece} Qxf7 55. Nf5+ Ke6 56. Nd4+ Ke7 $1 57. Nf5+ Ke6 58. Nd4+ Ke7 $1 59. Nc6+ Ke8 60. Qh8+ Qf8 61. Qh5+ Kd7 62. Qd5+ Kc7 {[%mdl 32768] Accuracy: White = 53%, Black = 25%. . Sensor Board Error (Ke4/e5)?} 0-1